Central Library and Information Centre
Sibsagar Girls' College, Sivasagar : Assam

ASSAM SERVICE DISCIPLE AND APPEAL RULES, 1964 (Record no. 7683)

MARC details
000 -LEADER
fixed length control field 00376cam a2200157ua 4500
008 - FIXED-LENGTH DATA ELEMENTS--GENERAL INFORMATION
fixed length control field 121001n1995 II |||gr||||Z||||||eng
040 ## - CATALOGING SOURCE
Original cataloging agency MAIN
041 ## - LANGUAGE CODE
-- English
082 ## - DEWEY DECIMAL CLASSIFICATION NUMBER
Classification number 080 ANS
100 ## - MAIN ENTRY--PERSONAL NAME
Personal name ANSARI, M. S.
245 ## - TITLE STATEMENT
Title ASSAM SERVICE DISCIPLE AND APPEAL RULES, 1964
260 ## - PUBLICATION, DISTRIBUTION, ETC.
Place of publication, distribution, etc. KOLKATA
Name of publisher, distributor, etc. ORIENT BOOK CO.
Date of publication, distribution, etc. 1995
300 ## - PHYSICAL DESCRIPTION
Extent 312:
Dimensions 22CM.
942 ## - ADDED ENTRY ELEMENTS (KOHA)
Koha item type Books
Holdings
Withdrawn status Lost status Damaged status Not for loan Collection code Home library Current library Shelving location Date acquired Full call number Barcode Date last seen Copy number Price effective from Koha item type Public note
        General Reference Central Library and Information Centre Sibsagar Girls College Central Library and Information Centre Sibsagar Girls College Rules and Regulations 23.06.1998 080 ANS 15055 27.02.2020 1 27.02.2020 Books V


Sibsagar Girl's College © 2020. All rights reserved.
Powered by Koha.
Maintained by Abhijit Borpuzari.